Northern Sea Route as Driver of Economic Growth

Úloha Severnej námornej cesty v rozvoji hospodárstva Ruskej federácie. Aktivity veľkých ruských spoločností v Arktíde. Rybársky priemysel v Arktíde.

Salvato in:
Dettagli Bibliografici
Autore principale: Brocková, Katarína, 1976-
Altri autori: Lipková, Ľudmila, Osipov, Vladimir S.
Natura: Capitolo di libro
Lingua:inglese
Soggetti:
Tags: Aggiungi Tag
Nessun Tag, puoi essere il primo ad aggiungerne!!

MARC

LEADER 00000naa$a2200000$$$4500
001 0297110
005 20240502083959.0
041 0 |a eng 
044 |a SG 
245 1 0 |a Northern Sea Route as Driver of Economic Growth  |c Katarína Brocková, Ľudmila Lipková, Vladimir S. Osipov 
520 |a Úloha Severnej námornej cesty v rozvoji hospodárstva Ruskej federácie. Aktivity veľkých ruských spoločností v Arktíde. Rybársky priemysel v Arktíde. 
610 2 0 |a rast hospodársky 
610 2 0 |a zdroje prírodné 
610 2 0 |a cesty dopravné 
610 2 0 |a preprava 
610 2 0 |a obchod medzinárodný 
610 2 0 |a spolupráca medzinárodná 
610 2 0 |a zmeny klimatické 
610 2 0 |a Rusko 
610 2 0 |a Arktída 
100 1 |a Brocková, Katarína, 1976- 
700 1 |a Lipková, Ľudmila 
700 1 |a Osipov, Vladimir S.